000 00519 a2200193 4500
001 62223
005 20260407155916.0
008 260407a1970 arg spa d
003 AR-UNSa-BCEJYS
040 _aAR-UNSa-BCEJYS
_bspa
_cAR-UNSa-BCEJYS
080 _a349.42
_xDerecho agrario
245 1 0 _aCapitalización de hacienda
264 1 _aBuenos Aires :
_bLa Ley
_c1970
300 _a92 p.
_c23 cm.
041 _aspa
942 _cBK
590 _aniveau_biblio:m niveau_hierar:0
100 1 _aAdrogué, Manuel Ignacio
999 _c7614
_d7614